| 000 | 00443cam a22001337a 4500 | ||
|---|---|---|---|
| 008 | 180718b2004 xxu||||| |||| 00| 0 eng d | ||
| 082 | _aA81x54 01/15HT | ||
| 100 | _aCensus of India 2001 | ||
| 245 | _aManipur: tables on houses, household amenities and assets | ||
| 260 |
_aDelhi _bThe Controller of Publications _c2004 |
||
| 300 | _a504p. | ||
| 440 | _aCensus of India 2001. Series-15, Manipur | ||
| 650 | _aDwellings - Census - India - Manipur | ||
| 999 |
_c489064 _d489064 |
||